Statistics for Sly Cooper 1 Quiz

Click here to take the quiz!

General Stats

  • This quiz has been taken 274 times
  • The average score is 8 of 10

Answer Stats

HintAnswer% Correct
Main CharacterSly Cooper
100%
The BrainsBentley
93%
The BrawnMurray
92%
The CopCarmelita Fox
88%
Fifth BossClockwerk
82%
Second BossMuggshot
75%
Fourth BossPanda King
71%
Third BossMz. Ruby
60%
First BossSir Raleigh
59%
Gang The Bosses Are In?Fiendish Five
57%

Score Distribution

Percentile by Number Answered

Percent of People with Each Score

Your Score History

You have not taken this quiz